000 00519nam a2200169Ia 4500
008 140925s9999 xx 000 0 und d
245 4 _aThe accounting historians journal /
_h[electronic resource]
260 _bUniversity of Mississippi,
_cc2008.
516 _aElectronic text
650 _aAccountancy.
650 _aHistorians.
650 _aJournal.
830 _aUniversity of Mississippi
856 _uhttp://www.olemiss.edu/depts/general_library/dac/files/ahj.html
942 _cEJ
999 _c275786
_d275786